000 00320nam a2200145Ia 4500
100 _aMukhedkar/Godse.Ghosh
942 _cBK
654 _aC programming
245 _aC programming
260 _bTECHNICAL PUBLICATIONS
_aPune
_c1997
082 _a005.133'C'
_bMUK
300 _a262
546 _aENGLISH
999 _c22386
_d22386